| Tag |
First Indicator |
Second Indicator |
Subfields |
| LEADER |
00000cam a2200000 i 4500 |
| 001 |
in00000801034 |
| 005 |
20151017082325.0 |
| 008 |
780411s1977 vau f00000 eng d |
| 010 |
|
|
|a gp 78015112
|
| 020 |
|
|
|c pbk.
|
| 035 |
|
|
|a (OCoLC)03790075
|
| 035 |
|
|
|9 ADR5046AM
|
| 037 |
|
|
|b 22448
|
| 040 |
|
|
|a NRL
|c NRL
|d GPO
|d UtOrBLW
|
| 043 |
|
|
|a n-us-va
|
| 074 |
|
|
|a 370
|
| 086 |
|
|
|a D 201.2:D 13
|
| 100 |
1 |
|
|a McCollum, Kenneth G.
|
| 245 |
1 |
0 |
|a Dahlgren /
|c Kenneth G. McCollum, editor.
|
| 264 |
|
1 |
|a Dahlgren, Va. :
|b [Dept. of Defense, Dept, of the Navy] Naval Surface Weapons Center [Administrative Support Dept., Publications Division],
|c 1977.
|
| 300 |
|
|
|a vi, 189 pages :
|b illustrations ;
|c 25 cm.
|
| 336 |
|
|
|a text
|b txt
|2 rdacontent
|
| 337 |
|
|
|a unmediated
|b n
|2 rdamedia
|
| 338 |
|
|
|a volume
|b nc
|2 rdacarrier
|
| 500 |
|
|
|a June 1977.
|
| 650 |
|
0 |
|a Ordnance, Naval.
|
| 610 |
2 |
0 |
|a Dahlgren Laboratory
|x History.
|
| 710 |
2 |
|
|a Naval Surface Weapons Center.
|
| 999 |
|
|
|a MARS
|
| 999 |
f |
f |
|s 2d731869-5d0a-3d6d-94ef-6f59331e4757
|i 643f77ce-74fd-37ba-abd9-6eb072ce78a3
|t 0
|
| 952 |
f |
f |
|p normal
|a Texas A&M University
|b College Station
|c Sterling C. Evans Library
|d Evans: US Documents (Annex 5th floor)
|t 0
|e D 201.2: D 13
|h Superintendent of Documents classification
|i unmediated -- volume
|m A14815797245
|
| 998 |
f |
f |
|a D 201.2: D 13
|t 0
|l Evans: US Documents (Annex 5th floor)
|